Роль парламентариев в условиях вызовов современного мира (Запись № 11115117)

Подробности
000 -МАРКЕР
контрольное поле 02155nam0a2200313 i 4500
001 - ИДЕНТИФИКАТОР ЗАПИСИ
контрольное поле RU\NLR\BIBL_A\011327228
005 - ИДЕНТИФИКАТОР ВЕРСИИ
контрольное поле 20241104002430.0
010 ## - МЕЖДУНАРОДНЫЙ СТАНДАРТНЫЙ НОМЕР КНИГИ (ISBN)
Номер (ISBN) 9785206009842
021 ## - НОМЕР ГОСУДАРСТВЕННОЙ РЕГИСТРАЦИИ
Код страны российская федерация
Номер 2017-3349
Номер Листа государственной регистраци 237
035 ## - ДРУГИЕ СИСТЕМНЫЕ НОМЕРА
Идентификатор записи (NLR Aleph) 011327228
100 ## - ДАННЫЕ ОБЩЕЙ ОБРАБОТКИ
Данные общей обработки 20170216d2016 k y0rusy50 ca
101 0# - ЯЗЫК РЕСУРСА
Язык текста, звукозаписи и т.д. русский
102 ## - СТРАНА ПУБЛИКАЦИИ ИЛИ ПРОИЗВОДСТВА
Страна публикации российская федерация
105 ## - ПОЛЕ КОДИРОВАННЫХ ДАННЫХ: ТЕКСТОВЫЕ МАТЕРИАЛЫ, МОНОГРАФИЧЕСКИЕ
Кодированные данные о монографическом текстовом документе y z 100zy
200 1# - ЗАГЛАВИЕ И СВЕДЕНИЯ ОБ ОТВЕТСТВЕННОСТИ
Основное заглавие Роль парламентариев в условиях вызовов современного мира
Сведения, относящиеся к заглавию материалы научно-практической конференции "Актуальные проблемы строительства и развития Союзного государства" (6-7 октября 2016 года, г. Сочи)
Первые сведения об ответственности [редакционная коллегия: Н.В. Арефьев и др.]
210 ## - ПУБЛИКАЦИЯ, РАСПРОСТРАНЕНИЕ И ДР.
Место издания, распространения и т.д. Москва
Имя издателя, распространителя и т. д. Известия
-- Секретариат Парламентского Собрания Союза Беларуси и России
Дата издания, распространения и т.д. 2016
215 ## - ФИЗИЧЕСКАЯ ХАРАКТЕРИСТИКА
Специфическое обозначение материала и объем 398, [1] с.
Размеры 20
300 ## - ОБЩИЕ ПРИМЕЧАНИЯ
Текст примечания В надзаг.: Парламентске Собрание Союза Беларуси и России
320 ## - ПРИМЕЧАНИЯ О НАЛИЧИИ В ДОКУМЕНТЕ БИБЛИОГРАФИИ / УКАЗАТЕЛЯ
Текст примечания Библиогр. в конце ст. и в подстроч. примеч.
601 02 - НАИМЕНОВАНИЕ ОРГАНИЗАЦИИ КАК ПРЕДМЕТ
Начальный элемент ввода Союз Беларуси и России
Структурное подразделение организации Парламентское собрание
Формальный подзаголовок Съезды, совещания и т.п
Системный номер авторитетной/нормативной записи 2136666
Идентификатор авторитетной/нормативной записи RU\NLR\AUTH\661288324
686 1# - ИНДЕКСЫ ДРУГИХ КЛАССИФИКАЦИЙ
Индекс Х915.282.09я431
702 #1 - ИМЯ ЛИЦА - ВТОРИЧНАЯ ОТВЕТСТВЕННОСТЬ
Код отношения Редактор
Графика поля Кириллица
Материалы, к которым относится поле rus
Начальный элемент ввода Арефьев
Часть имени, кроме начального элемента ввода Н. В.
Дополнения к именам, кроме дат гос. деятель
Даты 1949-
Расширение инициалов личного имени Николай Васильевич
Системный номер авторитетной/нормативной записи 171243
Идентификатор авторитетной/нормативной записи RU\NLR\AUTH\770171293
711 12 - НАИМЕНОВАНИЕ ОРГАНИЗАЦИИ - АЛЬТЕРНАТИВНАЯ ОТВЕТСТВЕННОСТЬ
Начальный элемент ввода "Актуальные проблемы строительства и развития Союзного государства", научно-практическая конференция
Место проведения временной организации Сочи
Дата проведения временной организации 2016
Системный номер авторитетной/нормативной записи 550383
Идентификатор авторитетной/нормативной записи RU\NLR\AUTH\880443209
942 ## - ДОПОЛНИТЕЛЬНЫЕ ЭЛЕМЕНТЫ ЗАПИСИ (АБИС)
Тип экземпляра АБИС Книга
980 ## - КОЛЛЕКЦИЯ
Название коллекции НБР

Нет доступных экземпляров.